000
00325nam a2200169Ia 4500
100
_a
Spear/Chris
650
_a
Verilog
250
_a
2
942
_c
BK
366
_f
25
245
_a
System verilog for verification
260
_b
Springer
_c
2009
082
_b
SPE
300
_a
429
546
_a
ENGLISH
999
_c
34276
_d
34276